000 01031nam a22003011 4500
001 35262
003 BD-RjUL
005 20211209052304.0
008 140522s1967 nyua b 001 0 eng d
035 _a(BD-RjUL)35356
040 _aDLC
_cDLC
_dDLC
_dBD-RjUL
_beng
041 _aeng
082 0 0 _a362.82
_bLEK 1967
100 1 _aLeichter, Hope Jensen.
_9107429
245 1 0 _aKinship and casework /
_cby Hope Jensen Leichter and William E. Mitchell. With the collaboration of Candec Rogers and Judith Lieb.
260 _aNew York :
_bRussell Sage Foundation,
_c1967.
300 _axxi, 343 p. :
_bill. ;
_c23 cm.
504 _aIncludes bibliographical references and index.
650 0 _aFamily social work.
_9107430
650 0 _aKinship.
_9107431
650 0 _aJewish families.
_942306
700 1 _aMitchell, William E.,
_ejoint author.
_9107432
710 2 _aRussell Sage Foundation.
_9107433
710 2 _aJewish Family Service (New York, N.Y.)
_990530
942 _2ddc
_cBK
999 _c35262
_d35262